Mindhárom irányban elindult... Az ötéves Fakó hangversenyéről

Bibliographic Details
Main Author: Ág, Tibor, 1928-2013 (Author)
Format: Article
Language:Hungarian
Subjects:

MARC

LEADER 00000nab a2200000 a 4500
001 vtls000516810
003 SK-MaSNL
005 20260319074044.0
008 160202c1994 xo 0 hun
015 |a SNBRB19rr/mm-uuuuu 
035 |a CL0516948 
040 |a SNKBUCL  |b slo  |c SNKBUCL  |e AACR2 
041 0 |a hun 
044 |a xo  |c SK 
080 |a 793.31:784.4  |2 1981 
080 |a 784.4  |2 1981 
100 1 |a Ág, Tibor,  |d 1928-2013  |4 aut  |9 174546 
245 1 0 |a Mindhárom irányban elindult...  |b Az ötéves Fakó hangversenyéről  |c Tibor Ág 
610 7 |a Fakó (folklórny súbor : Galanta, Slovensko)  |2 snkbucl  |9 974485 
651 7 |a 5203  |2 snkbucl  |9 380309 
655 7 |a články z novín a časopisov  |2 snkbucl  |9 267496 
773 0 |t Új szó  |g Roč. 47, č. 109 (12. 5. 1994), s. 7 
850 |a Slovenská národná knižnica v Martine  |a DSG001 
852 |a SNK  |b KIS3GCP 
958 |a RK 
958 |a HU 
992 |a RBX 
999 |c 1573813  |d 1575743